| 000 | 00689cab a2200193 4500 | ||
|---|---|---|---|
| 001 | A406 | ||
| 008 | 090401t1937 xxu||||| |||| 00| 0 eng d | ||
| 035 | _a(Sirsi) u29043 | ||
| 041 | _aeng | ||
| 245 | _aInland Revenue Commissioners v Crossman | ||
| 260 | _c1937 | ||
| 350 | _a0 | ||
| 490 |
_aLaw Reports - Appeal Cases _v(1937) AC 26-76(55) |
||
| 520 | _aHL 27 March 1937. Revenue - estate duty - property passing on death - shares in company - restrictions on alienation and transfer - value of property - sale in `open market` - trust companies - special demand - Finance Act 1894 s7(5) | ||
| 650 | _aSPECIAL PURCHASER | ||
| 690 | _aTAXATION | ||
| 942 | _n0 | ||
| 948 | _c04/03/1997 | ||
| 999 |
_c19547 _d19547 |
||